000 00297nam a2200121Ia 4500
008 241014s9999||||xx |||||||||||||| ||und||
020 _a0-19-551330-4
100 _aWilkinson,David
245 4 _aThe New Rural Health
260 _bOxford University Press
_c2002
300 _a337
942 _bION
_cBK
999 _c18169
_d18169